Empirical comparison of the shape of welfare functions (Registro nro. 26852)

Detalles MARC
000 -LEADER
fixed length control field 00381 a2200121 4500
001 - CONTROL NUMBER
control field ART_13877
005 - DATE AND TIME OF LATEST TRANSACTION
control field 20260410161911.0
008 - FIXED-LENGTH DATA ELEMENTS--GENERAL INFORMATION
fixed length control field 260409a
100 1# - MAIN ENTRY--PERSONAL NAME
Personal name Kapteyn, Arie
245 10 - TITLE STATEMENT
Title Empirical comparison of the shape of welfare functions
700 1# - ADDED ENTRY--PERSONAL NAME
Personal name van Herwaarden, Floor G.
773 0# - HOST ITEM ENTRY
Title European economic review
Related parts - Vol. 15, Nº 3 (mar.1981)
Record control number REV13346

No hay ítems disponibles.